000 01098nam a2200289Ia 4500
005 20220317001827.0
008 170410s2005 s a g 000 j s
020 _a8426134947
041 _aspa
100 1 _aPerrault, Charles
_d1628-1703
245 1 0 _aCuentos de Charles Perrault
_cilustraciones de Clara Calvo Salvador
250 _a1a. edición
300 _a94 páginas
_bilustraciones en blanco y negro y en color
_c25 cm
490 _aCuentos universales
505 _aLa bella durmiente del bosque -- Caperucita Roja -- Barba azul -- El gato con botas -- Las hadas -- Cenicienta -- Riquete el del copete -- Pulgarcito
650 1 4 _2LEMB
_aCuentos infantiles franceses
_ySiglo XVII
650 1 4 _2LEMB
_aLiteratura Infantil Francesa
650 1 4 _2LEMB
_aLiteratura fantastica
700 1 _aCalvo Salvador, Clara
_eilustradora
_977572
942 _2loc
_cBKLIT
264 _aBarcelona
_bJuventud
_c2005
336 _atexto
_btxt
_2rdacontent
337 _asin mediación
_bn
_2rdamedia
338 _avolumen
_bnc
_2rdacarrier
040 _aCO-BoRNBP
_bspa
_erda
_cCO-BoRNBP
084 _aC PER2
999 _c8225
_d8225